Category Elimination - Football Players 2023 - Statistics

General Stats
  • This quiz has been taken 536 times
  • The average score is 14 of 20
Answer Stats
# Answer % Correct
Yellow Categories 26 Premier League Golden Boot winners
100%
Yellow Categories 16 ...that are in FC 24
98%
Yellow Categories 8 ...that won the Premier League the same year they won the Golden Boot
94%
Blue Categories 46 Ballon d'Or winners
93%
Yellow Categories 5 ...that have on average more than 0.8 goals per game
92%
Blue Categories 25 ...that played in Serie A
92%
Blue Categories 9 ...that have not represented a World Cup winning country
87%
Grey Categories 30 Players with more than 30 Champions League (and European Cup) goals
84%
Grey Categories 23 ...that have NOT played in Bundesliga
83%
Green Categories 54 Champions League (and European Cup) winning captains
82%
Grey Categories 9 ...that played more than 80 Champions League games
82%
Green Categories 44 ...whose team has won more than one UCL titles
80%
Grey Categories 2 ...that are NOT European
77%
Blue Categories 3 ...that also have come third in Ballon d'Or ranking
75%
Green Categories 14 ...that have played in LaLiga
74%
Grey Categories 1 ...that played for Chelsea Didier Drogba
56%
Yellow Categories 1 ...that has won the World Cup Thierry Henry
43%
Green Categories 2 ...that are NOT Spanish
17%
Green Categories 1 ...that is active Karim Benzema
16%
Blue Categories 1 that has NOT played in the Premier League Johan Cruyff
7%
No matching quizzes found
Score Distribution
Percent of People with Each Score
Percentile by Number Answered
Your Score History
You have not taken this quiz